Oscar del calcio AIC 1998 - Statistics

Statistiche generali
  • Questo quiz è stato fatto 53 volte
  • Il punteggio medio è 7 su 8
Statistiche sulle risposte
Categoria Nazione Squadra Vincitore % Corretto
Migliore calciatore italiano Italia Juventus Alessandro Del Piero
100%
Migliore squadra - - Juventus
98%
Migliore calciatore straniero Brasile Inter Ronaldo
98%
Migliore calciatore assoluto Brasile Inter Ronaldo
94%
Migliore allenatore Italia Juventus Marcello Lippi
84%
Migliore arbitro - - Pierluigi Collina
84%
Migliore portiere Italia Juventus Angelo Peruzzi
67%
Migliore calciatore giovane Italia Lazio Alessandro Nesta
65%
Nessun quiz corrispondente trovato
Distribuzione punteggi
Percentuale di utenti per punteggio
Percentile per numero di risposta
I tuoi punteggi nel tempo
Non hai fatto questo quiz